000
00421nam a22001337a 4500
003
SGT
020
_a
8187313013
082
_a
181.45
_b
P97N
100
_a
नागेंद्र, एच. आर.
245
_a
प्राणायाम : कला और विज्ञानं
260
_b
स्वामी विवेकानंद योग प्रकाशन
_c
1997
300
_a
221
942
_2
ddc
_c
BK
999
_c
31600
_d
31600